| 000 | 00443nam a22001817a 4500 | ||
|---|---|---|---|
| 003 | OSt | ||
| 005 | 20260519121701.0 | ||
| 008 | 260519b |||||||| |||| 00| 0 eng d | ||
| 020 | _a9789355519146 | ||
| 082 | _a005.133 SEM | ||
| 100 | _aSENGAR,Dushyant Singh | ||
| 245 | _aModern Data Mining with Python | ||
| 250 | _a1st Ed Rep | ||
| 260 |
_aNew Delhi _bBPB Publication |
||
| 300 | _a416p. | ||
| 700 | _aCHANDRA,Vikash | ||
| 942 |
_2ddc _cBK |
||
| 999 |
_c13971 _d13971 |
||